000 00505ntaaa2200193 4500
003 01
005 20251027202740.0
008 0714s1973 ag 01
040 _aAR-BaBN
_bspa
_cAR-BaBN
_eaacr
_dRIC
082 _a745.5600 M56
100 _aMetal Goods Corporation
_927514
245 _aArt metal designs
250 _a1 ed.
260 _aSt. Louis :
_bMetal Goods Corporation,
_cs.f.
300 _a32 p
500 _aPatrones para trabajos manuales
650 _atrabajos manuales
_917557
942 _cBK
999 _c22733
_d22733